|
|
|
|
| LEADER |
00822pam a22002538a 4500 |
| 001 |
00042625 |
| 008 |
160217s2014 ||||||Engsd |
| 005 |
20181011151004.0 |
| 020 |
# |
# |
|c 250000
|a 9786048917234
|
| 041 |
0 |
# |
|a vie
|
| 082 |
1 |
4 |
|a 495.7
|b C120N
|
| 100 |
1 |
# |
|a Châu, Thùy Trang
|
| 245 |
1 |
0 |
|a Cẩm nang luyện thi Topik 2
|c Châu Thùy Trang; Lê Huy Khoa (hđ)
|
| 260 |
# |
# |
|a Hà Nội
|b Hồng Đức
|c 2017
|
| 300 |
# |
# |
|e sổ tay từ vựng và câu
|a 277 tr.
|c 26 cm.
|
| 653 |
# |
# |
|a Luyện thi
|
| 653 |
# |
# |
|a Tự học
|
| 653 |
# |
# |
|a Topik
|
| 653 |
# |
# |
|a Ngôn ngữ
|
| 653 |
# |
# |
|a Tiếng Hàn
|
| 700 |
1 |
# |
|a Lê, Huy Khoa
|e Hiệu đính
|
| 852 |
# |
# |
|j KD.0024780
|
| 910 |
|
|
|d 11/10/2018
|
| 980 |
# |
# |
|a Trung tâm Học liệu Lê Vũ Hùng, Trường Đại học Đồng Tháp
|